| 000 | 00713nam a2200205Ia 4500 | ||
|---|---|---|---|
| 001 | 9362 | ||
| 003 | GE_BSU | ||
| 008 | 181216s||||||||xx |||||||||||||| ||und|| | ||
| 040 | _cGE_BSU | ||
| 080 | _a821.353.1–1 | ||
| 100 | _aმოსაშვილი,ილო | ||
| 245 | _aრჩეული | ||
| 245 | _cშემდგ.მინდია მოსაშვილი,წინასიტყვ.შ.ფორჩხიძისა. მხატვ. კ.ფაჩულია | ||
| 260 | _aთბილისი | ||
| 260 | _bსაბჭოთა საქართველო | ||
| 260 | _c1977 | ||
| 300 | _a569გვ.23სმ. 1 ფ.პორტრ. | ||
| 653 | _aრჩეული | ||
| 942 | _cBK | ||
| 999 |
_c42658 _d42658 |
||